[Event "ICS rated standard match"]
[Site "204.178.125.65"]
[Date "2000.08.03"]
[Round "?"]
[White "Varguz"]
[Black "Hossa"]
[Result "1-0"]
[WhiteElo "2624"]
[BlackElo "2380"]
[PlyCount "67"]
[EventDate "2000.??.??"]

1. d4 Nf6 2. Nf3 d5 3. g3 c6 4. Bg2 e6 5. Bf4 c5 6. O-O Qb6 7. b3 cxd4 8. Nxd4
Nc6 9. Nxc6 bxc6 10. Nc3 Ba6 11. Na4 Qd8 12. Be3 Nd7 13. Bd4 h5 14. c4 h4 15.
Re1 hxg3 16. hxg3 Qg5 17. Qc2 c5 18. cxd5 Rc8 19. dxe6 fxe6 20. Qe4 Qh6 21. Be3
Qh2+ 22. Kf1 Kf7 23. Qf4+ Nf6 24. Nc3 c4 25. Ne4 Bb4 26. Red1 Ke7 27. Ng5 Kf8
28. Qd4 Ne8 29. Qxa7 Nc7 30. Bc5+ Bxc5 31. Qxc5+ Kg8 32. Qxc7 Qh1+ 33. Bxh1
Rxh1+ 34. Kg2 {Hossa resigns} 1-0

[Event "ICS rated blitz match"]
[Site "204.178.125.65"]
[Date "2000.08.03"]
[Round "?"]
[White "Varguz"]
[Black "Hossa"]
[Result "1-0"]
[WhiteElo "2785"]
[BlackElo "2463"]
[PlyCount "123"]
[EventDate "2000.??.??"]

1. d4 d5 2. c4 e6 3. Nc3 Nf6 4. Bg5 Bb4 5. Nf3 dxc4 6. e4 h6 7. Bxf6 Qxf6 8.
Bxc4 Nc6 9. e5 Qg6 10. O-O Bd7 11. a3 Ba5 12. Bd3 Qh5 13. Ne4 Nxd4 14. Nxd4
Qxe5 15. Nb3 Bb6 16. Qc2 Bc6 17. Nec5 Rd8 18. Rae1 Qd6 19. Rd1 Qe7 20. Be4 Bxe4
21. Rxd8+ Qxd8 22. Qxe4 Qd5 23. Qxd5 exd5 24. Rd1 Bxc5 25. Nxc5 b6 26. Na6 Kd7
27. Rxd5+ Kc8 28. Nb4 Re8 29. Kf1 Re6 30. Nc2 c6 31. Rd3 Rf6 32. Ne3 b5 33. b4
h5 34. Ke2 a6 35. Nc2 Re6+ 36. Re3 Rg6 37. g3 h4 38. Re7 hxg3 39. hxg3 Rf6 40.
Nd4 g5 41. Ke3 Kd8 42. Ra7 Kc8 43. f4 g4 44. Ke4 Kb8 45. Re7 a5 46. bxa5 c5 47.
Nxb5 Ra6 48. Rxf7 Rxa5 49. Nd6 Ra6 50. Kd5 c4 51. Nxc4 Rg6 52. f5 Rg8 53. f6
Rh8 54. Kc6 Rc8+ 55. Kb6 Rxc4 56. Rb7+ Ka8 57. Rc7 Rxc7 58. Kxc7 Ka7 59. f7 Ka6
60. f8=Q Kb5 61. Qb4+ Ka6 62. Qb6# {Hossa checkmated} 1-0

[Event "ICS rated bullet match"]
[Site "204.178.125.65"]
[Date "2000.08.03"]
[Round "?"]
[White "Varguz"]
[Black "Hossa"]
[Result "1-0"]
[WhiteElo "2671"]
[BlackElo "2495"]
[PlyCount "57"]
[EventDate "2000.??.??"]

1. e4 c6 2. Nc3 e5 3. Nf3 d6 4. d4 exd4 5. Nxd4 Nf6 6. Bf4 Be7 7. Be2 Qc7 8.
O-O b5 9. a4 b4 10. Na2 Nxe4 11. Bf3 f5 12. Re1 O-O 13. Nxb4 Bh4 14. Bxe4 fxe4
15. Rxe4 a5 16. Nf3 Qd8 17. Bxd6 Rxf3 18. Qxf3 axb4 19. Rae1 Be6 20. Rxe6 Nd7
21. Qxc6 Bf6 22. Qd5 h6 23. Bc7 Qxc7 24. Re8+ Kh7 25. Qf5+ g6 26. R1e7+ Bg7 27.
Qf7 Qxh2+ 28. Kxh2 Nb6 29. Qg8# 1-0

[Event "ICS rated bullet match"]
[Site "204.178.125.65"]
[Date "2000.08.03"]
[Round "?"]
[White "Varguz"]
[Black "Hossa"]
[Result "1-0"]
[WhiteElo "2656"]
[BlackElo "2510"]
[PlyCount "47"]
[EventDate "2000.??.??"]

1. c4 Nf6 2. Nc3 c5 3. Nf3 e6 4. e4 d5 5. e5 Ne4 6. cxd5 Nxc3 7. dxc3 exd5 8.
Bg5 f6 9. Bb5+ Kf7 10. exf6 gxf6 11. Ne5+ Ke6 12. Qe2 Qc7 13. Ng4+ Kf7 14. Be8+
Kg8 15. Nxf6+ Kg7 16. Qh5 Qe7+ 17. Kd2 Qxe8 18. Nxe8+ Kg8 19. Bh6 Bxh6+ 20.
Qxh6 Kf7 21. Nd6+ Ke7 22. Rae1+ Kd7 23. Nf7 Nc6 24. Qd6# 1-0

[Event "ICS rated standard match"]
[Site "204.178.125.65"]
[Date "2000.08.03"]
[Round "?"]
[White "Hossa"]
[Black "cwalter"]
[Result "1/2-1/2"]
[WhiteElo "2374"]
[BlackElo "2400"]
[PlyCount "81"]
[EventDate "2000.??.??"]

1. e4 c5 2. Nf3 d6 3. d4 cxd4 4. Nxd4 Nf6 5. Nc3 a6 6. a4 e5 7. Nf3 Be7 8. Bc4
Qc7 9. Qd3 Nc6 10. Ng5 O-O 11. Nd5 Nxd5 12. exd5 Bxg5 13. Bxg5 Nd4 14. Qc3 Bf5
15. Bd3 Nxc2+ 16. Qxc2 Qxc2 17. Bxc2 Bxc2 18. Be7 Rfe8 19. Bxd6 Rad8 20. Bb4
Rxd5 21. a5 Bd3 22. Rc1 Bb5 23. h3 f5 24. Bd2 Red8 25. Bg5 R8d7 26. g3 h6 27.
Be3 g5 28. f4 exf4 29. gxf4 Rd3 30. Kf2 gxf4 31. Bxf4 Bc6 32. Rhg1+ Kh7 33. Rc3
R7d4 34. Rxd3 Rxd3 35. Be5 Rd7 36. Ke3 Be4 37. Kf4 Re7 38. Bf6 Rf7 39. Bc3 Re7
40. Bf6 Rf7 41. Bc3 1/2-1/2

[Event "ICS rated standard match"]
[Site "204.178.125.65"]
[Date "2000.08.03"]
[Round "?"]
[White "TimM"]
[Black "Hossa"]
[Result "0-1"]
[WhiteElo "2363"]
[BlackElo "2374"]
[PlyCount "68"]
[EventDate "2000.??.??"]

1. e4 e5 2. Nf3 Nc6 3. Bb5 a6 4. Ba4 Nf6 5. O-O Nxe4 6. d4 b5 7. Bb3 d5 8. dxe5
Be6 9. Be3 Be7 10. c3 Nc5 11. Bc2 Nd7 12. Bf4 g5 13. Bg3 h5 14. h3 g4 15. hxg4
hxg4 16. Nd4 Nxd4 17. cxd4 Nb6 18. a4 Nxa4 19. Bxa4 bxa4 20. Qxa4+ Bd7 21. Qa5
c6 22. Qxd8+ Bxd8 23. Bf4 Bb6 24. Be3 Bf5 25. Nc3 Bd3 26. Rfd1 Bc4 27. g3 Rb8
28. Kg2 Bc7 29. Na4 Be2 30. Rg1 Rb4 31. Ra2 Bb6 32. Nxb6 Rxb6 33. Bc1 Rb4 34.
Be3 Kd7 0-1

[Event "ICS rated standard match"]
[Site "204.178.125.65"]
[Date "2000.08.03"]
[Round "?"]
[White "Hossa"]
[Black "greekgift"]
[Result "1-0"]
[WhiteElo "2389"]
[BlackElo "1933"]
[PlyCount "31"]
[EventDate "2000.??.??"]

1. Nf3 e6 2. g3 f5 3. d4 Nf6 4. Bg2 Be7 5. c4 O-O 6. e3 d6 7. Nc3 Qe8 8. Ng5 a5
9. d5 e5 10. Ne6 Bxe6 11. dxe6 Nc6 12. Nd5 Bd8 13. c5 dxc5 14. Qb3 Qxe6 15.
Nxf6+ Rxf6 16. Bd5 1-0

[Event "ICS rated standard match"]
[Site "204.178.125.65"]
[Date "2000.08.03"]
[Round "?"]
[White "greekgift"]
[Black "Hossa"]
[Result "0-1"]
[WhiteElo "1931"]
[BlackElo "2391"]
[PlyCount "30"]
[EventDate "2000.??.??"]

1. e4 e5 2. Nf3 Nc6 3. Bc4 Nf6 4. d4 exd4 5. O-O Nxe4 6. Re1 d5 7. Bxd5 Qxd5 8.
Nc3 Qc4 9. Nd2 Qa6 10. Nd5 Kd8 11. Rxe4 Be6 12. Nf4 Bf5 13. Rxd4+ Nxd4 14. Nb3
c5 15. c3 Bc2 0-1

[Event "ICS rated blitz match"]
[Site "204.178.125.65"]
[Date "2000.08.03"]
[Round "?"]
[White "MissSilicon"]
[Black "Hossa"]
[Result "1-0"]
[WhiteElo "2723"]
[BlackElo "2459"]
[PlyCount "115"]
[EventDate "2000.??.??"]

1. e4 e5 2. Bc4 Nf6 3. d3 Bc5 4. Nf3 d6 5. Nc3 c6 6. O-O O-O 7. Bg5 h6 8. Bh4
b5 9. Bxf6 gxf6 10. Bb3 a5 11. a3 f5 12. d4 exd4 13. Nxd4 fxe4 14. Nxe4 a4 15.
Ba2 Bb6 16. Re1 d5 17. Ng3 Qg5 18. Qd3 Ba5 19. c3 Bd7 20. Bb1 Qg6 21. Qxg6+
fxg6 22. Bxg6 Rf6 23. Be8 Bb6 24. Nh5 Rf8 25. Bxd7 Nxd7 26. Re6 Bxd4 27. cxd4
Kh7 28. Rae1 Rf7 29. Rxc6 Nf8 30. Nf6+ Kg7 31. Nxd5 Rd8 32. Rc5 Ng6 33. Nc7 Kg8
34. Nxb5 Nf4 35. Re3 Rf6 36. Kf1 Rg6 37. g3 Nd5 38. Re5 Nb6 39. f4 Nd7 40. Red5
Ra6 41. Rc7 Ra5 42. Rb7 Kf8 43. Rd6 h5 44. Na7 Ke7 45. Rh6 Kf7 46. Nc6 Raa8 47.
f5 h4 48. Ne5+ Kg7 49. Rg6+ Kh8 50. Nf7+ Kh7 51. Ng5+ Kh8 52. f6 Rf8 53. Rxd7
Rxf6+ 54. Rxf6 hxg3 55. Rh7+ Kg8 56. Rg6+ Kf8 57. Ne6+ Ke8 58. Rg8# 1-0

[Event "ICS rated standard match"]
[Site "204.178.125.65"]
[Date "2000.08.03"]
[Round "?"]
[White "Hossa"]
[Black "Beelzebulb"]
[Result "1-0"]
[WhiteElo "2393"]
[BlackElo "2200"]
[PlyCount "113"]
[EventDate "2000.??.??"]

1. e4 e6 2. d4 d5 3. Nd2 c5 4. g3 cxd4 5. exd5 Qxd5 6. Ngf3 Nf6 7. Bc4 Qd6 8.
a3 Nc6 9. Nb3 Bd7 10. Nfxd4 Nxd4 11. Qxd4 Qxd4 12. Nxd4 a6 13. Bf4 Bc5 14. Nb3
Ba7 15. Rd1 O-O 16. Bd6 Rfc8 17. Bd3 Bc6 18. O-O Bf3 19. Rde1 Rd8 20. Be7 Rd7
21. Bb4 Rc8 22. Ba5 h5 23. Nd2 Bc6 24. Nc4 Bd5 25. Ne5 Rd6 26. c4 Bc6 27. Bb4
Rdd8 28. Nxc6 Rxc6 29. Rd1 Rd7 30. Kg2 Bd4 31. b3 b6 32. a4 a5 33. Ba3 Rc8 34.
Bc2 Rcd8 35. h3 g6 36. Bc1 Kg7 37. Bg5 Bc5 38. Rxd7 Rxd7 39. Rh1 Ne8 40. h4 f6
41. Bc1 Nd6 42. Rd1 Kf7 43. Be4 f5 44. Bf3 Rc7 45. Bf4 Ke7 46. Bg5+ Kf7 47. Kg1
e5 48. Bd5+ Kg7 49. Kg2 Nf7 50. Bc1 Kf6 51. Bb2 Rd7 52. f4 Ke7 53. fxe5 Nd8 54.
e6 Nxe6 55. Re1 Rd6 56. Be5 Rd7 57. Bf4 1-0

[Event "ICS rated standard match"]
[Site "204.178.125.65"]
[Date "2000.08.03"]
[Round "?"]
[White "Hossa"]
[Black "MissSilicon"]
[Result "0-1"]
[WhiteElo "2393"]
[BlackElo "2435"]
[PlyCount "163"]
[EventDate "2000.??.??"]

1. e4 d5 2. exd5 Nf6 3. d4 Nxd5 4. c4 Nb6 5. Nf3 Bg4 6. c5 N6d7 7. h3 Bh5 8.
Nc3 e6 9. g4 Bg6 10. Bb5 c6 11. Bf1 b6 12. Be3 bxc5 13. dxc5 Bxc5 14. Bxc5 Nxc5
15. Qxd8+ Kxd8 16. Ne5 Kc7 17. Rc1 Rd8 18. b4 Ncd7 19. Nb5+ Kb6 20. Nxg6 hxg6
21. Na3 Ne5 22. f4 Nd3+ 23. Bxd3 Rxd3 24. Nc4+ Kb5 25. Rh2 f6 26. a3 Rd4 27.
Rb2 Ka4 28. b5 c5 29. b6 Nd7 30. b7 Rb8 31. Kf2 Rxf4+ 32. Kg3 Rd4 33. Rc3 f5
34. Rb1 f4+ 35. Kg2 e5 36. g5 e4 37. Kf2 Re8 38. Kf1 Rd8 39. Ke1 e3 40. Ke2 Rf8
41. Kf3 Re8 42. Ke2 Rb8 43. Kf3 Rh8 44. Kg2 Re8 45. Kf3 e2 46. Kf2 Nb6 47. Nb2+
Kb5 48. Re1 Rb8 49. Rxe2 Rxb7 50. Nd3 c4 51. Rb2+ Ka5 52. Nc5 Rb8 53. Rcb3 a6
54. Rf3 Rd5 55. Ne6 Re5 56. Nd4 Rc8 57. Rxf4 Rxg5 58. Rf7 Rd5 59. Rf4 Nd7 60.
Ke2 g5 61. Rf5 Rxf5 62. Nxf5 Ka4 63. Ne3 c3 64. Rb1 Ne5 65. Nc2 a5 66. Ke3 Rd8
67. Ke4 Nc4 68. Rc1 Nd2+ 69. Ke3 Kb3 70. Nd4+ Kc4 71. Nc2 Rd3+ 72. Ke2 Rxh3 73.
Rg1 Rh2+ 74. Ke3 Kb3 75. Nd4+ Kb2 76. Rxg5 Nc4+ 77. Kd3 Nd6 78. a4 Rd2+ 79. Ke3
Rxd4 80. Kxd4 c2 81. Rg2 Kb1 82. Rg1+ 0-1

[Event "ICS rated blitz match"]
[Site "204.178.125.65"]
[Date "2000.08.03"]
[Round "?"]
[White "Hossa"]
[Black "PostModernist"]
[Result "0-1"]
[WhiteElo "2453"]
[BlackElo "2570"]
[PlyCount "106"]
[EventDate "2000.??.??"]

1. e4 g6 2. Nc3 d6 3. Nf3 Nf6 4. d4 Bg7 5. Bd3 c6 6. O-O Bg4 7. h3 Bxf3 8. Qxf3
Qb6 9. Ne2 Nbd7 10. b3 O-O-O 11. c3 h5 12. Bg5 Bh6 13. Bxh6 Rxh6 14. Qe3 Rhh8
15. a4 e5 16. b4 exd4 17. cxd4 Qxb4 18. a5 d5 19. a6 b6 20. e5 Ne8 21. Rfc1 Nb8
22. Qf3 Rd7 23. Ra2 Rg8 24. Qg3 Ng7 25. Qe3 Re8 26. Rb1 Qe7 27. Rc2 Ne6 28.
Rbc1 Qb4 29. h4 Qa4 30. Rb1 Rc7 31. Qd2 Qa3 32. Rbc1 Rg8 33. Kh1 g5 34. hxg5
Rxg5 35. g3 h4 36. f4 Rg4 37. Rc3 Qf8 38. Bf5 hxg3 39. Kg2 Rh4 40. Bxe6+ fxe6
41. Qc2 Rh2+ 42. Kg1 Rg7 43. Rxc6+ Nxc6 44. Qxc6+ Kb8 45. Rc2 g2 46. Ng3 Rh4
47. Rc3 Rxf4 48. Kxg2 Rf2+ 49. Kg1 Rf1+ 50. Kg2 Qf2+ 51. Kh3 Rh1+ 52. Nxh1 Qg2+
53. Kh4 Rh7# {Hossa checkmated} 0-1

[Event "ICS rated bullet match"]
[Site "204.178.125.65"]
[Date "2000.08.03"]
[Round "?"]
[White "Hossa"]
[Black "JSBach"]
[Result "1-0"]
[WhiteElo "2523"]
[BlackElo "1986"]
[PlyCount "83"]
[EventDate "2000.??.??"]

1. d4 d5 2. Nf3 Bf5 3. Bf4 Nf6 4. e3 Nh5 5. Nh4 Nxf4 6. Nxf5 Ng6 7. Bd3 e6 8.
Ng3 Bb4+ 9. Nd2 Qg5 10. c3 Bd6 11. Qb3 b6 12. Nf3 Qh6 13. Nf5 exf5 14. Qxd5 Bg3
15. Bxf5 Qxe3+ 16. Kd1 c6 17. fxe3 cxd5 18. hxg3 Ne7 19. Bd3 Nbc6 20. e4 O-O-O
21. Ng5 Nxd4 22. cxd4 dxe4 23. Rc1+ Kb8 24. Bxe4 Rxd4+ 25. Ke2 f5 26. Bf3 Ra4
27. a3 h6 28. Ne6 Rh7 29. Rc7 Nc6 30. Bxc6 Rc4 31. g4 fxg4 32. Rf1 Rh8 33. Rff7
Rc2+ 34. Ke3 Rxc6 35. Rxc6 g5 36. Rcc7 a5 37. Rb7+ Ka8 38. Ra7+ Kb8 39. Rfb7+
Kc8 40. Rxb6 Rh7 41. Rxh7 a4 42. Rc7# {JSBach checkmated} 1-0

[Event "ICS Rated standard match"]
[Site "204.178.125.65"]
[Date "2000.08.03"]
[Round "?"]
[White "PostModernist"]
[Black "Hossa"]
[Result "0-1"]
[WhiteElo "2410"]
[BlackElo "2379"]
[PlyCount "132"]
[EventDate "2000.??.??"]

1. d4 e6 2. c4 Bb4+ 3. Nc3 Nf6 4. Qc2 d5 5. cxd5 exd5 6. Bg5 O-O 7. Nf3 h6 8.
Bxf6 Qxf6 9. e3 Bg4 10. Be2 c6 11. a3 Bd6 12. O-O-O Nd7 13. Ne5 Bf5 14. Bd3
Bxd3 15. Nxd7 Qf5 16. Qxd3 Qxd7 17. Kb1 b5 18. a4 bxa4 19. Nxa4 Rab8 20. Qc2
Rb4 21. Kc1 Rfb8 22. h3 Qb7 23. Kd2 Qa6 24. Ra1 Rxb2 25. Qxb2 Rxb2+ 26. Nxb2
Bb4+ 27. Kc2 Qe2+ 28. Kb3 Qxf2 29. Kxb4 Qxb2+ 30. Kc5 Qc3+ 31. Kd6 Qxe3 32.
Kxc6 Qxd4 33. g4 h5 34. gxh5 f6 35. Rhg1 Kh7 36. Rgd1 Qc4+ 37. Kd6 d4 38. Rxa7
Qb4+ 39. Kc6 Qc3+ 40. Kd7 Qxh3+ 41. Kd8 Qb3 42. Raa1 d3 43. Kd7 Qd5+ 44. Kc7 d2
45. Rg1 Qc5+ 46. Kd7 Kh6 47. Rh1 Qb5+ 48. Kd6 Qe5+ 49. Kc6 Kg5 50. Rad1 f5 51.
Kd7 Kf4 52. Rh2 Qd4+ 53. Ke6 Qc4+ 54. Kd6 Qb4+ 55. Kc7 Ke3 56. Rhh1 Ke2 57. Ra1
f4 58. Rh2+ Ke3 59. Rhh1 f3 60. Rad1 f2 61. Kd7 Qa4+ 62. Kc7 Ke2 63. Rdf1 d1=Q
64. Rxd1 Qc2+ 65. Kd7 Qxd1+ 66. Rxd1 Kxd1 0-1

[Event "ICS rated blitz match"]
[Site "204.178.125.65"]
[Date "2000.08.03"]
[Round "?"]
[White "PostModernist"]
[Black "Hossa"]
[Result "1-0"]
[WhiteElo "2581"]
[BlackElo "2442"]
[PlyCount "151"]
[EventDate "2000.??.??"]

1. e4 g6 2. d4 Bg7 3. Nc3 e6 4. Nf3 d6 5. Bc4 Nf6 6. O-O O-O 7. Bg5 h6 8. Bxf6
Bxf6 9. e5 Bg7 10. Re1 Nd7 11. Qe2 Nb6 12. Bb3 Bd7 13. a4 Bc6 14. a5 Nd7 15.
Ba4 Bxf3 16. Qxf3 dxe5 17. Qxb7 exd4 18. Nb5 Nc5 19. Qc6 Qe7 20. Nxc7 Rfc8 21.
Nxa8 Rxc6 22. Bxc6 Qd6 23. Bf3 d3 24. c3 d2 25. Red1 Qd3 26. a6 Qc2 27. Rdb1
Nxa6 28. Rd1 Nc5 29. Rxa7 Qxb2 30. c4 Qe5 31. Raa1 Bf6 32. Rab1 Qf4 33. Nb6 Bd4
34. Rf1 Nd3 35. Na4 Bxf2+ 36. Kh1 Qxc4 37. Be2 Qxa4 38. Bxd3 Qf4 39. Rfd1 Be3
40. Rf1 Qd6 41. Be2 Bf4 42. g3 Bxg3 43. hxg3 Qxg3 44. Bd1 h5 45. Rf3 Qh4+ 46.
Kg2 Kf8 47. Rb8+ Kg7 48. Rb7 Qg4+ 49. Kf1 Qc4+ 50. Kg1 Qd4+ 51. Rf2 Qe4 52.
Rbxf7+ Kh6 53. Rg2 Qe1+ 54. Rf1 Kh7 55. Bc2 Qe3+ 56. Kh1 Kh8 57. Rxg6 Qc5 58.
Bd1 Qc4 59. Rf8+ Kh7 60. Rg3 Qh4+ 61. Kg2 Qe4+ 62. Kh2 Qe5 63. Bc2+ Kh6 64. Rf7
Qxg3+ 65. Kxg3 Kg5 66. Rf2 h4+ 67. Kh3 d1=Q 68. Bxd1 Kg6 69. Kxh4 e5 70. Bc2+
Kh6 71. Kg4 Kg7 72. Kg5 e4 73. Bxe4 Kh8 74. Kf6 Kg8 75. Rh2 Kf8 76. Rh8# 1-0

[Event "ICS rated standard match"]
[Site "204.178.125.65"]
[Date "2000.08.03"]
[Round "?"]
[White "Hossa"]
[Black "Beadle"]
[Result "0-1"]
[WhiteElo "2396"]
[BlackElo "2426"]
[PlyCount "78"]
[EventDate "2000.??.??"]

1. e4 e6 2. d4 d5 3. Nd2 c5 4. g3 cxd4 5. exd5 Qxd5 6. Ngf3 Bb4 7. a3 Bxd2+ 8.
Bxd2 e5 9. Qe2 Nc6 10. Bg2 Nge7 11. O-O Bg4 12. Rfe1 f6 13. b4 Rc8 14. h3 Bh5
15. g4 Bg6 16. Nh4 Qd7 17. Nxg6 Nxg6 18. a4 Nce7 19. Be4 O-O 20. Qb5 Rc7 21.
Qxd7 Rxd7 22. a5 Nd5 23. a6 b6 24. Bf5 Rd6 25. Bxg6 hxg6 26. b5 Rc8 27. Ra2 Rc5
28. Rb2 Rd7 29. Ra1 Nc7 30. Rab1 Rdd5 31. Ra1 Nxb5 32. Bb4 Rc4 33. Bd2 e4 34.
Re1 Rdc5 35. Rxe4 Rxc2 36. Rxc2 Rxc2 37. Bb4 Rb2 38. Re8+ Kf7 39. Re7+ Kf8 0-1

[Event "ICS rated standard match"]
[Site "204.178.125.65"]
[Date "2000.08.03"]
[Round "?"]
[White "Beadle"]
[Black "Hossa"]
[Result "1-0"]
[WhiteElo "2441"]
[BlackElo "2381"]
[PlyCount "121"]
[EventDate "2000.??.??"]

1. c4 Nf6 2. Nf3 e6 3. Nc3 Bb4 4. Qc2 c5 5. a3 Ba5 6. g3 O-O 7. Bg2 d5 8. O-O
dxc4 9. Qa4 a6 10. Qxc4 Qe7 11. Ne5 Nbd7 12. f4 Rd8 13. Na4 Bc7 14. d4 Bd6 15.
Nxd7 Nxd7 16. dxc5 Nxc5 17. Nb6 Rb8 18. Be3 Qc7 19. b4 Qxb6 20. bxc5 Qc7 21.
Rac1 Be7 22. Bd4 Qa5 23. Be5 Ra8 24. c6 Ra7 25. cxb7 Bxb7 26. Bc7 Qxa3 27. Bxd8
Qe3+ 28. Kh1 Bxg2+ 29. Kxg2 Bxd8 30. Rf3 Qd2 31. Rd3 Qxe2+ 32. Kg1 Rd7 33. Rxd7
Bb6+ 34. Rd4 Bxd4+ 35. Qxd4 h6 36. Ra1 Kh7 37. Qb6 Qd2 38. Qxa6 Qd4+ 39. Kf1
Qd2 40. Qa2 Qd3+ 41. Kg1 Qd4+ 42. Kh1 Qc3 43. Qb1+ g6 44. Qf1 h5 45. Rc1 Qa3
46. Rc7 Kg8 47. Qd1 Qb4 48. h4 e5 49. Qd8+ Kg7 50. Qd5 Qe1+ 51. Kh2 Qf2+ 52.
Qg2 Qb6 53. Rb7 Qf6 54. fxe5 Qxe5 55. Qf1 Qe6 56. Qa1+ Qf6 57. Qxf6+ Kxf6 58.
Kg2 Ke6 59. Kf3 Kf6 60. Kf4 Ke6 61. Kg5 1-0

[Event "ICS rated blitz match"]
[Site "204.178.125.65"]
[Date "2000.08.03"]
[Round "?"]
[White "Hossa"]
[Black "DLegvold"]
[Result "1-0"]
[WhiteElo "2432"]
[BlackElo "1828"]
[PlyCount "33"]
[EventDate "2000.??.??"]

1. e4 e5 2. Bc4 Bc5 3. Nf3 Nc6 4. c3 Nf6 5. d4 exd4 6. O-O Nxe4 7. cxd4 d5 8.
dxc5 dxc4 9. Qxd8+ Kxd8 10. Rd1+ Bd7 11. Be3 Ke7 12. Rc1 Be6 13. Nd4 Nxd4 14.
Bxd4 f6 15. Re1 Ng5 16. f4 Rad8 17. Bc3 1-0

[Event "ICS rated bullet match"]
[Site "204.178.125.65"]
[Date "2000.08.03"]
[Round "?"]
[White "JSBach"]
[Black "Hossa"]
[Result "0-1"]
[WhiteElo "2011"]
[BlackElo "2524"]
[PlyCount "28"]
[EventDate "2000.??.??"]

1. d4 e6 2. Bf4 Nf6 3. Nd2 Nh5 4. Be3 d5 5. g4 Nf6 6. g5 Ng4 7. Bf4 h6 8. gxh6
g5 9. f3 gxf4 10. h4 Be7 11. Nb3 Nf2 12. Kxf2 Bxh4+ 13. Kg2 Qg5+ 14. Kh2 Qg3#
0-1

[Event "ICS rated blitz match"]
[Site "204.178.125.65"]
[Date "2000.08.03"]
[Round "?"]
[White "QueenMaxima"]
[Black "Hossa"]
[Result "1/2-1/2"]
[WhiteElo "2574"]
[BlackElo "2433"]
[PlyCount "286"]
[EventDate "2000.??.??"]

1. d4 d5 2. c4 e6 3. Nc3 Nf6 4. cxd5 exd5 5. Bg5 Be7 6. Nf3 c6 7. Qc2 Na6 8. a3
Nc7 9. e3 Ne6 10. Bh4 O-O 11. Bd3 g6 12. O-O Bd6 13. Ne5 Ng7 14. e4 Ne6 15. Ng4
Be7 16. Nxf6+ Bxf6 17. Bxf6 Qxf6 18. exd5 Nxd4 19. Qd1 Bd7 20. Ne4 Qe5 21. f4
Qg7 22. Nc5 Bc8 23. dxc6 Nxc6 24. Qc2 b6 25. Ne4 Nd4 26. Qa4 Bf5 27. Rad1 Rfd8
28. Qb4 Rd7 29. Nf2 Bxd3 30. Rxd3 Rad8 31. Re1 Qf6 32. Re4 a5 33. Qa4 h5 34.
Kh1 Kh8 35. Qd1 Qg7 36. Qe1 Ne6 37. Rxd7 Rxd7 38. f5 gxf5 39. Rh4 Qg5 40. Rh3
Rc7 41. Nd3 Rc8 42. Rg3 Qf6 43. Qd1 Ng7 44. Qd2 Rd8 45. Qf4 Rg8 46. Re3 Ne6 47.
Qf3 Rg5 48. Re1 f4 49. Qc6 f3 50. gxf3 Qd4 51. Qc2 Kg8 52. b3 Qd5 53. Re3 h4
54. Re4 f5 55. Re3 Rg7 56. Qc8+ Nf8 57. Qc3 a4 58. bxa4 Qa2 59. Nb2 h3 60. Re2
Rg6 61. Rd2 Qe6 62. Rc2 Qd5 63. Rc1 f4 64. Rc2 Rg7 65. a5 bxa5 66. a4 Ne6 67.
Rf2 Qc5 68. Qe1 Rg6 69. Rd2 Kf8 70. Qd1 Rg7 71. Re2 Nd4 72. Rf2 Kg8 73. Nd3 Qg5
74. Qf1 Qf5 75. Rb2 Kh7 76. Nf2 Nxf3 77. Qxh3+ Qxh3 78. Nxh3 Rg4 79. Rf2 Ng5
80. Nxg5+ Rxg5 81. Rxf4 Kh6 82. h4 Rg3 83. Kh2 Rb3 84. Rf5 Rb4 85. Rxa5 Rxh4+
86. Kg3 Rh1 87. Rb5 Rg1+ 88. Kf4 Kg6 89. Rb6+ Kf7 90. a5 Rf1+ 91. Ke5 Ke7 92.
Rb7+ Kd8 93. a6 Re1+ 94. Kd4 Rd1+ 95. Kc3 Kc8 96. Re7 Kb8 97. Kb4 Rb1+ 98. Kc5
Rc1+ 99. Kb6 Rb1+ 100. Kc6 Ka8 101. Rf7 Rc1+ 102. Kb6 Rb1+ 103. Kc5 Rb2 104.
Kc6 Rc2+ 105. Kb5 Rb2+ 106. Ka5 Ra2+ 107. Kb6 Rb2+ 108. Kc5 Rd2 109. Rh7 Rc2+
110. Kb4 Rb2+ 111. Ka4 Ra2+ 112. Kb5 Rc2 113. Rd7 Rb2+ 114. Kc6 Rc2+ 115. Kb6
Rc8 116. Ra7+ Kb8 117. Re7 Ka8 118. Rf7 Rb8+ 119. Rb7 Rc8 120. Re7 Rb8+ 121.
Kc5 Rc8+ 122. Kb5 Rb8+ 123. Ka4 Rc8 124. Rf7 Rc4+ 125. Kb5 Rc8 126. Rd7 Rb8+
127. Kc6 Rc8+ 128. Kb6 Re8 129. Ra7+ Kb8 130. Rf7 Re6+ 131. Kb5 Re5+ 132. Kb4
Re4+ 133. Kb3 Re3+ 134. Kb2 Re2+ 135. Kb1 Re1+ 136. Kc2 Ka8 137. Rf6 Re2+ 138.
Kd3 Rg2 139. Kc4 Rc2+ 140. Kb3 Rd2 141. Kc3 Re2 142. Rf7 Re3+ 143. Kc4 Ra3
1/2-1/2

[Event "ICS rated blitz match"]
[Site "204.178.125.65"]
[Date "2000.08.03"]
[Round "?"]
[White "Hossa"]
[Black "QueenMaxima"]
[Result "0-1"]
[WhiteElo "2439"]
[BlackElo "2568"]
[PlyCount "140"]
[EventDate "2000.??.??"]

1. e4 c5 2. Nf3 e6 3. Nc3 a6 4. d3 Nc6 5. d4 cxd4 6. Nxd4 Bb4 7. Nxc6 Bxc3+ 8.
bxc3 bxc6 9. Qd6 Ne7 10. Ba3 Ng6 11. Bc5 Qg5 12. Rd1 a5 13. Bd4 f6 14. g3 Qg4
15. Bd3 Qf3 16. Rf1 Kf7 17. h3 Re8 18. Bb6 Kg8 19. a4 Ne5 20. Bc7 Ba6 21. Rg1
Kh8 22. Rf1 Rec8 23. c4 Nxc4 24. Qf4 Qg2 25. Bd6 Nb2 26. Bxa6 Rxa6 27. Ra1 Nc4
28. Be7 d5 29. Rb1 e5 30. Qf5 Raa8 31. Ke2 Qxe4+ 32. Qxe4 dxe4 33. Rb7 Rcb8 34.
Rfb1 Rxb7 35. Rxb7 Kg8 36. g4 Re8 37. h4 Kh8 38. Rc7 Nb6 39. Rxc6 Nxa4 40. Ra6
h5 41. Rxa5 Nc3+ 42. Kd2 Nb1+ 43. Kc1 Rxe7 44. Kxb1 hxg4 45. Kc1 Rd7 46. Ra4
Rd4 47. Ra3 Kh7 48. Rb3 Kg6 49. Rc3 Kh5 50. Rb3 Kxh4 51. Re3 Kg5 52. Ra3 Kf4
53. Rg3 g5 54. Rb3 Rd6 55. Re3 f5 56. Rg3 Rh6 57. Kd2 Rh3 58. Rg1 Rh2 59. Ke1
e3 60. fxe3+ Kxe3 61. Rg3+ Kf4 62. Rc3 g3 63. Rc4+ e4 64. Kf1 Kf3 65. Rc3+ e3
66. Rxe3+ Kxe3 67. c4 Kf3 68. Ke1 Ra2 69. c5 g2 70. c6 g1=Q# 0-1

[Event "ICS rated standard match"]
[Site "204.178.125.65"]
[Date "2000.08.03"]
[Round "?"]
[White "Hossa"]
[Black "cmslim"]
[Result "1/2-1/2"]
[WhiteElo "2368"]
[BlackElo "2601"]
[PlyCount "79"]
[EventDate "2000.??.??"]

1. e4 e5 2. Bc4 Nf6 3. d3 Nc6 4. Nf3 Bc5 5. Nc3 d6 6. Bg5 h6 7. Bxf6 Qxf6 8.
Nd5 Qd8 9. c3 Ne7 10. b4 Nxd5 11. bxc5 Nf4 12. g3 Ne6 13. cxd6 Qxd6 14. O-O O-O
15. Qe2 Re8 16. Rfd1 Bd7 17. d4 Ba4 18. Rd3 exd4 19. cxd4 c6 20. Rb1 Re7 21. e5
Qd7 22. d5 cxd5 23. Rxd5 Qc7 24. Nh4 Rd7 25. Nf5 Rb8 26. Rxd7 Bxd7 27. Bd5 Ng5
28. Nd6 Qc5 29. Bg2 Nh3+ 30. Kf1 b6 31. Qb2 Bg4 32. a4 Rd8 33. Re1 Rxd6 34.
exd6 Qc4+ 35. Re2 Bxe2+ 36. Qxe2 Qc1+ 37. Qe1 Qc4+ 38. Qe2 Qc1+ 39. Qe1 Qc4+
40. Qe2 1/2-1/2

[Event "ICS rated standard match"]
[Site "204.178.125.65"]
[Date "2000.08.03"]
[Round "?"]
[White "Pennswoodpusher"]
[Black "Hossa"]
[Result "1/2-1/2"]
[WhiteElo "2121"]
[BlackElo "2377"]
[PlyCount "98"]
[EventDate "2000.??.??"]

1. e4 e5 2. Ne2 Nf6 3. f4 exf4 4. Nxf4 Qe7 5. Nc3 Nxe4 6. Nfd5 Qh4+ 7. g3 Nxg3
8. hxg3 Qxg3+ 9. Ke2 d6 10. Ne3 Bg4+ 11. Nxg4 Qxg4+ 12. Kf2 Qxd1 13. Nxd1 g6
14. d4 Bg7 15. c3 Nd7 16. Bh6 Bxh6 17. Rxh6 Nf6 18. Ne3 O-O-O 19. Bg2 Rde8 20.
Rhh1 h5 21. Rae1 Kb8 22. Nd5 Ng4+ 23. Kf3 c6 24. Ne3 Nxe3 25. Rxe3 Rxe3+ 26.
Kxe3 Re8+ 27. Kf2 Kc7 28. Re1 Rxe1 29. Kxe1 f5 30. Kf2 g5 31. Kg3 h4+ 32. Kh3
d5 33. Bf1 Kd6 34. Bd3 Ke6 35. a4 Kf6 36. b4 Kg6 37. a5 Kf6 38. Bc2 b6 39. axb6
axb6 40. Bd3 Ke6 41. Bc2 b5 42. Bd3 Kf6 43. Bb1 Kg6 44. Bc2 Kf6 45. Bd3 Kg6 46.
Be2 Kh6 47. Bd1 Kg6 48. Bc2 Kf6 49. Bd3 Kg6 1/2-1/2

[Event "ICS rated standard match"]
[Site "204.178.125.65"]
[Date "2000.08.03"]
[Round "?"]
[White "harimau"]
[Black "Hossa"]
[Result "1-0"]
[WhiteElo "2715"]
[BlackElo "2367"]
[PlyCount "95"]
[EventDate "2000.??.??"]

1. e4 e5 2. Nf3 Nc6 3. Nc3 Nf6 4. d4 exd4 5. Nxd4 Bc5 6. Be3 Bxd4 7. Bxd4 O-O
8. Be2 Nxd4 9. Qxd4 d6 10. O-O Re8 11. f3 Be6 12. Bc4 Nd7 13. Bxe6 fxe6 14. f4
Nb6 15. e5 Qd7 16. exd6 cxd6 17. Rad1 d5 18. g3 Qc6 19. b3 Rf8 20. Rde1 Rac8
21. Rf3 Qc5 22. Qxc5 Rxc5 23. a4 Rfc8 24. Nb5 Rxc2 25. Rxe6 Rb2 26. Nd6 Rc1+
27. Rf1 Rxf1+ 28. Kxf1 h5 29. a5 Nd7 30. Nxb7 Nf6 31. Nc5 Ng4 32. h3 Nh2+ 33.
Ke1 h4 34. gxh4 Rc2 35. b4 Nf3+ 36. Kd1 Rh2 37. Re7 Rh1+ 38. Kc2 Nd4+ 39. Kc3
Nc6 40. Rc7 Rxh3+ 41. Nd3 Nxb4 42. Kxb4 Rxd3 43. Rxa7 Rd4+ 44. Kb5 Kh7 45. a6
Rd1 46. Rd7 Rb1+ 47. Kc6 d4 48. Rxd4 1-0